000 00646nam a22001937a 4500
999 _c11633
_d11633
003 OSt
005 20200229093010.0
008 181213b ||||| |||| 00| 0 eng d
022 _a00116009
040 _c0
082 _aDPer 792.805 D19 Mar-Aug 2016 v. 90, n. 3-8
100 _aBauer, Claudia.
_933114
245 _aHarnessing inflammation:
_bcome back stronger by using your body's natural healing response/
_cClaudia Brauer.
260 _aNew York:
_bDance Media,
_c©Mar-Aug 2016.
300 _av90 n8, page 40.
_bcolored illustrations:
_c25 cm.
500 _aDance magazine.
650 _aBallet
_xDancer
_xInjury
_933275
942 _2ddc
_cPER